000 00455 a2200169 4500
003 OSt
005 20230929114904.0
008 230929b |||||||| |||| 00| 0 eng d
020 _a9789389583304
040 _coclc
082 _a512.897
_bRAO/L
100 _aRao, Shankar G
_99631
245 _aLINEAR ALGEBRA /
_cG Shankar Rao
260 _bWiley,
_c2019.
300 _a263 p
942 _2ddc
_cBK
_h512.897
_iRAO/L
_k512.897
_mRAO/L
999 _c42395
_d42395